Six Degrees of Sitcom Separation Quiz Stats

 Plays Quiz Updated Nov 1, 2016

Score 0/36 Timer 06:00
0 Plays Today
% Correct
Fred Flintstone
97%
Will Smith
87.3%
Ron Howard
87.1%
Charlie Sheen
86.9%
Mary Tyler Moore
86.6%
Henry Winkler
86.3%
Julia Louis-Dreyfus
85%
Jackie Gleason
84.8%
Lucille Ball
83.8%
Ashton Kutcher
83.8%
Andy Griffith
83.5%
Debra Messing
82.5%
John Ritter
82.2%
Penny Marshall
81.1%
Teri Hatcher
80.8%
Ed Asner
80.2%
Michael J. Fox
80%
Dick Van Patten
79.4%
% Correct
Justine Bateman
79.3%
Don Knotts
79.3%
Elizabeth Montgomery
79%
Scott Baio
78.3%
Vicki Lawrence
75%
Bob Denver
74.7%
Jamie Farr
72.2%
Fred Gwynne
71.8%
Jason Bateman
71.1%
Bob Crane
66.6%
Art Carney
65.3%
Dave Foley
62.8%
Danny Thomas
61.2%
James Garner
58.7%
Phil Silvers
57.4%
William Christopher
57%
William Frawley
53.4%
Ken Berry
47.3%

You're not logged in!

Compare scores with friends on all Sporcle quizzes.
OR
Log In

Show Comments

Extras

Top Quizzes Today


Score Distribution

Your Account Isn't Verified!

In order to create a playlist on Sporcle, you need to verify the email address you used during registration. Go to your Sporcle Settings to finish the process.

Report this User

Report this user for behavior that violates our Community Guidelines.

Details: